| 000 | 00554nam a2200181 a 4500 | ||
|---|---|---|---|
| 001 | 000031877 | ||
| 003 | DO-SdBNP | ||
| 005 | 20180328114608.0 | ||
| 008 | 110707s1981 mx 000 0 spa d | ||
| 040 |
_aBPMSU _bspa _cBPMSU |
||
| 049 | _aBPMSU | ||
| 245 | 0 | 0 | _aJosé Guadalupe Posada |
| 260 |
_aMéxico : _bSecretaría de Estado de Relaciones Exteriores División de Asuntos Culturales _bBibloteca Nacional, _c1981. |
||
| 300 |
_a8 p. ; _c28 cm. |
||
| 942 |
_2ddc _cBK |
||
| 945 | _aInventariado, 2018 /LP | ||
| 956 |
_aVMATEO _b10 _c20170209 _lBPMSU _h0069 |
||
| 999 |
_c12547 _d12547 |
||